| 000 | 00343nam a22001457a 4500 | ||
|---|---|---|---|
| 020 | _a978-0-143-33394-4 | ||
| 082 |
_a823 _bANI/M |
||
| 100 | _aANITA NAIR | ||
| 245 | _aMUEZZA AND BABY JAAN | ||
| 246 |
_aMUEZZA AND BABY JAAN _bMUEZZA AND BABY JAAN |
||
| 260 |
_aU K _bPENGUIN _c2016 |
||
| 300 | _a185 | ||
| 650 | _aENGLISH STORIES | ||
| 942 | _cBK | ||
| 999 |
_c9008 _d9008 |
||